000 00555nam a22001937a 4500
003 KOHA_MİRAKIL
005 20251125093800.0
008 251125b tu ||||| |||| 00| 0 tur d
020 _a9786052112960
040 _aTR-AnABB
_btur
_cTR-AnABB
041 _atur
082 _a808.06831
_bNEY 2020
100 1 _aNeydim, Necdet,
245 1 0 _aÇocuk edebiyatı /
_cNecdet Neydim
260 _aİstanbul :
_bBilgiyolu Kültür Eğitim Yayıncılık,
_c2020
300 _a158 sayfa ;
_c20 cm
650 0 4 _aTürk edebiyatı, roman
942 _2ddc
_cBK
999 _c9608
_d9608
900 _bGizem YORULMAZ